Least-Cost Planning und strategisches Marketing
Gespeichert in:
| 1. Verfasser: | |
|---|---|
| Format: | Buch |
| Sprache: | Deutsch |
| Veröffentlicht: |
Wiesbaden
Deutscher Universitäts Verlag
1996
|
| Ausgabe: | 1. Aufl. |
| Schriftenreihe: | Gabler Edition Wissenschaft
|
| Schlagworte: | |
| Tags: |
Keine Tags, Fügen Sie das erste Tag hinzu!
|
MARC
| LEADER | 00000nam a2200000 4500 | ||
|---|---|---|---|
| 001 | c017642 | ||
| 005 | 20230117133824.7 | ||
| 020 | |a 3-8244-6334-4 | ||
| 041 | 0 | |a ger | |
| 044 | |a DE | ||
| 245 | 1 | 0 | |a Least-Cost Planning und strategisches Marketing |c Hartmut Hasse |
| 250 | |a 1. Aufl. | ||
| 264 | 1 | |a Wiesbaden |b Deutscher Universitäts Verlag |c 1996 | |
| 300 | |a 381 s. | ||
| 490 | 1 | |a Gabler Edition Wissenschaft | |
| 830 | 0 | |a Gabler Edition Wissenschaft | |
| 610 | 2 | 0 | |a energetika |
| 610 | 2 | 0 | |a energia |
| 610 | 2 | 0 | |a hospodárstvo energetické |
| 610 | 2 | 0 | |a plánovanie |
| 610 | 2 | 0 | |a marketing strategický |
| 610 | 2 | 0 | |a analýzy |
| 610 | 2 | 0 | |a prognózy |
| 610 | 2 | 0 | |a trh |
| 610 | 2 | 0 | |a koncepcie |
| 610 | 2 | 0 | |a manažment |
| 610 | 2 | 0 | |a zdroje energetické |
| 610 | 2 | 0 | |a spotreba energie |
| 610 | 2 | 0 | |a opcie |
| 610 | 2 | 0 | |a kooperácia |
| 610 | 2 | 0 | |a segmentácia trhu |
| 610 | 2 | 0 | |a konkurencia |
| 610 | 2 | 0 | |a regulácia |
| 610 | 2 | 0 | |a marketing |
| 100 | 1 | |a Hasse, Hartmut | |